Statistics for First Capitals A-Z

Click here to take the quiz!

General Stats

  • This quiz has been taken 364 times
    (341 since last reset)
  • The average score is 9 of 24

Answer Stats

LetterAnswer% Correct
QQuito
67%
ZZagreb
66%
OOslo
58%
UUlaanbaatar
57%
WWarsaw
57%
JJakarta
55%
IIslamabad
53%
CCairo
48%
AAbu Dhabi
43%
HHanoi
42%
VVaduz
39%
DDakar
37%
FFreetown
37%
MMadrid
37%
BBaghdad
33%
YYamoussoukro
33%
KKabul
30%
RRabat
30%
NNairobi
29%
GGaborone
28%
PPalikir
25%
TTaipei
21%
SSaint George's
16%
LLibreville
9%

Score Distribution

Percentile by Number Answered

Percent of People with Each Score

Your Score History

You have not taken this quiz since the last reset